| 000 | 00639nam a2200205 a 4500 | ||
|---|---|---|---|
| 001 | 5106 | ||
| 003 | CDMR | ||
| 005 | 20131031135657.0 | ||
| 008 | 130130s1977||||||||||||||||||||||||||||d | ||
| 040 |
_aCDMR _bcat _cCDMR |
||
| 245 | 4 |
_aLas elecciones del cambio _cFrancisco González Ledesma... [et al.] |
|
| 260 |
_aBarcelona _c1977 _bPlaza & Janés |
||
| 300 | _a443 p. | ||
| 650 | 0 | 4 |
_93875 _aEleccions _zEspanya _xCobertura periodística |
| 650 | 0 | 4 |
_93703 _aEspanya _xHistòria _y1975-1982, Transició |
| 650 | 0 | 4 |
_93352 _aReportatges |
| 700 | 1 |
_94249 _aGonzález Ledesma, Francisco |
|
| 710 | 2 |
_91150 _aLa Vanguardia (Diari) |
|
| 942 |
_cMON _2udc |
||
| 999 |
_c5106 _d5106 |
||